An introduction to physical science / (Record no. 4136)

MARC details
000 -LEADER
fixed length control field 01115cam a2200325 a 4500
001 - CONTROL NUMBER
control field 15048091
003 - CONTROL NUMBER IDENTIFIER
control field 20170117132933.0
005 - DATE AND TIME OF LATEST TRANSACTION
control field 20240606080929.0
008 - FIXED-LENGTH DATA ELEMENTS--GENERAL INFORMATION
fixed length control field 071017s2009 maua 001 0 eng
010 ## - LIBRARY OF CONGRESS CONTROL NUMBER
LC control number 2007939714
Canceled/invalid LC control number 2009932442
-- 2009932443
020 ## - INTERNATIONAL STANDARD BOOK NUMBER
International Standard Book Number 9780618926961 (hardcover)
020 ## - INTERNATIONAL STANDARD BOOK NUMBER
International Standard Book Number 0618926968 (hardcover)
020 ## - INTERNATIONAL STANDARD BOOK NUMBER
International Standard Book Number 9780618935963 (softcover)
020 ## - INTERNATIONAL STANDARD BOOK NUMBER
International Standard Book Number 0618935967 (softcover)
040 ## - CATALOGING SOURCE
Original cataloging agency DLC
Transcribing agency DLC
042 ## - AUTHENTICATION CODE
Authentication code pcc
050 00 - LIBRARY OF CONGRESS CALL NUMBER
Classification number Q161.2
Item number .S44 2009
100 1# - MAIN ENTRY--PERSONAL NAME
Personal name Shipman, James T.
245 13 - TITLE STATEMENT
Title An introduction to physical science /
250 ## - EDITION STATEMENT
Edition statement 12th ed.
260 ## - PUBLICATION, DISTRIBUTION, ETC.
Place of publication, distribution, etc. Boston :
Name of publisher, distributor, etc. Houghton Mifflin,
Date of publication, distribution, etc. c2009.
300 ## - PHYSICAL DESCRIPTION
Extent xix, 720, 23, 12, 3, 12 p. :
Other physical details ill. (Chiefly ill.) ;
Dimensions 29 cm.
500 ## - GENERAL NOTE
General note Includes index.
650 #0 - SUBJECT ADDED ENTRY--TOPICAL TERM
Topical term or geographic name entry element Physical sciences
Form subdivision Textbooks.
700 1# - ADDED ENTRY--PERSONAL NAME
Personal name Wilson, Jerry D.
700 1# - ADDED ENTRY--PERSONAL NAME
Personal name Todd, Aaron W.
906 ## - LOCAL DATA ELEMENT F, LDF (RLIN)
a 7
b cbc
c orignew
d 2
e epcn
f 20
g y-gencatlg
942 ## - ADDED ENTRY ELEMENTS (KOHA)
Source of classification or shelving scheme Library of Congress Classification
Koha item type Books
Holdings
Withdrawn status Lost status Source of classification or shelving scheme Damaged status Not for loan Home library Current library Date acquired Total checkouts Full call number Barcode Date last seen Price effective from Koha item type
    Library of Congress Classification     Murang'a University of Technology Library Murang'a University of Technology Library 17/01/2017   Q161.2 .S44 2009 004243 17/01/2017 17/01/2017 Books